| 000 | 00516nam a2200169Ia 4500 | ||
|---|---|---|---|
| 999 |
_c6820 _d6820 |
||
| 020 | _a8180695816 | ||
| 082 | _aRR 923.25403 SHA-E | ||
| 100 | _aSharma, Jai Narain | ||
| 245 | 0 | _aEncyclopaedia of eminent thinkers: the political thought of Sir Syed Ahmed Khan | |
| 260 |
_aNew Delhi _bConcept Publishing _c2009 |
||
| 300 | _a134 | ||
| 504 | _ainclides bibliography and index | ||
| 650 |
_aStaesmen _vBiography _zIndia |
||
| 650 |
_aPolitical science _zIndia |
||
| 650 |
_aIndia _vPolitics and government |
||
| 942 | _cBK | ||